Szociológia
Elmentve itt :
| Szerző: | |
|---|---|
| Adatforrás: | Philobibl |
| Dokumentumtípus: | Könyv |
| Nyelv: | magyar |
| Megjelent: |
Pozsony
1901
|
| Sorozat: | Stampfel-féle Tudomyányos Zsebkönyvtár
|
| LEADER | 00384nam a2200133 c 4500 | ||
|---|---|---|---|
| 001 | bibDOK00022491 | ||
| 005 | 20200924121642.9 | ||
| 008 | 060518s1901 xx hun | ||
| 100 | 1 | |a Somló Bódog | |
| 245 | 1 | 0 | |a Szociológia |c Somló Bódog |
| 260 | |a Pozsony |c 1901 | ||
| 300 | |a 65 p. | ||
| 490 | 1 | |a Stampfel-féle Tudomyányos Zsebkönyvtár, 79. | |
| 830 | 0 | |a Stampfel-féle Tudomyányos Zsebkönyvtár | |